000 00252nam a2200109Ia 4500
005 20251222154307.0
008 251222s9999||||xx |||||||||||||| ||spa||
082 _a868.9/S23
100 _a"Sánchez Ferlosio, Rafael"
245 0 _aAlfanhui
942 _cLIB
999 _c33249
_d33249